000 00608nam a2200253Ia 4500
008 210210b2014 xxu||||| |||| 00| 0 eng d
020 _a9781781251485
041 _aeng
082 _a650.1 HOLO
100 _aHOLIDAY (Ryan)
245 _aObstacle is the way: the ancient art of turning adversity to advantage
260 _aLondon
_bProfile Books
_c2014
300 _axvi,201
650 _away:
650 _away
650 _aturning
650 _aObstacle
650 _aart
650 _aancient
650 _aadversity
650 _aadvantage
690 _aManagement
906 _a073907
999 _c123643
_d123643